Sports Quiz

Random Sports Quiz

Yankees Fun Facts Quiz Stats

 Plays Quiz not verified by Sporcle

Challenge
Share
Tweet
Embed
Score 0/20 Timer 05:00
0 Plays Today
Facts Answer % Correct
In 1961 Roger Maris set the single season record of this many home runs...61
92.9%
In August 2010 this player becomes the 7th player to hit 600 home runs and the 2nd player to do so in a Yankee uniform...Alex Rodriguez
92.4%
Joe DiMaggio's record hitting streak lasted this many games...56
90.6%
In 1979 this catcher died in a tragic plane accident...Thurman Munson
89.4%
In 2009 the Yankees win their 27th World Series title by beating this team...Philadelphia Phillies
89.4%
They purchase the contract of Babe Ruth in this year...1920
88.8%
In 2000 the Yankees win their 26th World Series, and 3rd consecutive World Series, by beating this team...New York Mets
87.6%
The original Yankee Stadium opens in this year...1923
87.1%
In 1998 this pitcher throws the 2nd perfect game in Yankees history...David Wells
87.1%
In 1999 this pitcher throws the 3rd perfect game in Yankees history...David Cone
87.1%
Facts Answer % Correct
A group led by George Steinbrenner purchases the Yankees from CBS in this year...1973
84.1%
This man pitched the only perfect game in World Series history in 1956...Don Larsen
82.4%
In 1998 the Yankees finished an astounding 75 games over .500 by sweeping this team in the World Series...San Diego Padres
81.2%
In 1903 they became the...New York Highlanders
79.4%
They were officially named the New York Yankees in this year...1913
77.6%
DiMaggio's streak took place in this year...1941
77.1%
The Yankees were originally the...Baltimore Orioles
68.8%
Lou Gehrig Appreciation Day is held in this year...1939
60.6%
Lou Gehrig played in this many consecutive games...2130
46.5%
They first played in the stadium called...Hilltop Park
24.7%

You're not logged in!

Compare scores with friends on all Sporcle quizzes.
Join for Free
OR
Log In

You Might Also Like...

Show Comments

Extras

Created Aug 8, 2010SourceReportFavoriteNominate

Top Quizzes Today


Score Distribution

Your Account Isn't Verified!

In order to create a playlist on Sporcle, you need to verify the email address you used during registration. Go to your Sporcle Settings to finish the process.

Report this User

Report this user for behavior that violates our Community Guidelines.

Details: